Culture Générale - Série 2559 - Statistiques

Statistiques générales
  • Ce quiz a été pris 233 fois
  • Le résultat moyen est 7 sur 10
Statistiques - réponses
Question Réponse % Correct
En quelle année le mur de Berlin a-t-il été détruit ? 1989
92%
Quel canal relie la mer Méditerranée à la mer Rouge ? Suez
88%
Quelle est la capitale du Maroc ? Rabat
87%
Quel canal relie l’océan Pacifique à l’océan Atlantique ? Panama
81%
La plus grande des raies qui peut atteindre jusqu'à sept mètres d'envergure et deux tonnes, est appelée " raie ... voir photo manta
80%
Dans quel corps simple trouve-t-on des électrons, protons et neutrons ? atome
76%
Quel élément chimique a pour symbole la lettre N ? azote
70%
Que collectionne un lépidoptérophile ou lépidoptériste ? papillons
30%
Le coq de bruyère est appelé aussi "grand .... tétras
24%
Complétez cette locution adverbiale qui signifie "Et tout le reste, et tout ce qui va avec" : "et tout le ... - 6 lettres finissant par " m " toutim
24%
Aucun quiz correspondant
Distribution des résultats
% des personnes avec chaque résultat
Percentile par nombre de réponses
Votre historique - résultats
Vous n’avez pas pris ce quiz